000 00311nam a2200121Ia 4500
100 _aMarchetti, Raffaele
245 0 _aConflict Society and Peace Building
264 _bRoutledge
_c2011
300 _a321
700 _a Tocci, Nathalie
942 _cIR
999 _c120759
_d120759